| 000 | 01115nas a2200301 4500 | ||
|---|---|---|---|
| 001 | BR2013006013 | ||
| 003 | BR-BrBNA | ||
| 005 | 20231205122734.0 | ||
| 007 | ta | ||
| 008 | 230509b bl.|||p| |||| 00| 00por d | ||
| 040 |
_aBR-BrBNA _bpor _cBiblioteca Nacional de Agricultura |
||
| 041 | _a(Pt) | ||
| 072 | _aF02; F03 | ||
| 100 | 1 | _aAraújo, A.P. de | |
| 100 | 1 | _aPaiva Sobrinho, S. de | |
| 245 | 1 | _aGerminação e produção de mudas de tamboril (Enterolobium Contortisiliquum (Vell.)Morong)em diferentes substratos | |
| 246 | 1 | _aGermination and production of seedlings of tamboril (Enterolobium contortisiliquum (Vell.)morong)on different substrates | |
| 650 | _aMIMOSOIDEAE | ||
| 650 | _aÁRVORE | ||
| 650 | _aENTEROLOBIUM CONTORTISILIQUUM | ||
| 650 | _aMUDA | ||
| 650 | _aGERMINAÇÃO | ||
| 650 | _aSUBSTRATO DE CULTURA | ||
| 773 | 0 |
_tRevista Árvore (Brazil) _xISSN 0100-6762 _g(May-Jun 2011), v. 35(3 supl.1) p. 581-588 _wBR2013006013 |
|
| 856 | 4 |
_uhttp://www.scielo.br/pdf/rarv/v35n3s1/01.pdf _yRecurso eletrônico (PDF) |
|
| 909 |
_a202311 _bLúcia _c55 _dLúcia Elande |
||
| 942 |
_2AGRIS _n0 _cANA |
||
| 999 |
_c230278 _d230278 |
||